PERCEIVED IMPORTANCE ON MALAYSIAN HALAL AND AUTHENTIC HERITAGE FOOD (HAHFo) : INTERNATIONAL MUSLIM TOURISTS' PURCHASE INTENTION BEHAVIOUR / (Record no. 263)

MARC details
000 -LEADER
fixed length control field 01171nam a22003011u 4500
001 - CONTROL NUMBER
control field 02877
003 - CONTROL NUMBER IDENTIFIER
control field HDC
007 - PHYSICAL DESCRIPTION FIXED FIELD--GENERAL INFORMATION
fixed length control field cr bn ---
008 - FIXED-LENGTH DATA ELEMENTS--GENERAL INFORMATION
fixed length control field 201222p xx n 10 eng
020 ## - INTERNATIONAL STANDARD BOOK NUMBER
International Standard Book Number 978-605-64453-1-6
040 ## - CATALOGING SOURCE
Original cataloging agency HDC
245 #0 - TITLE STATEMENT
Title PERCEIVED IMPORTANCE ON MALAYSIAN HALAL AND AUTHENTIC HERITAGE FOOD (HAHFo) : INTERNATIONAL MUSLIM TOURISTS' PURCHASE INTENTION BEHAVIOUR /
Statement of responsibility, etc. by Siti Nazirah Omar, Siti Radhiah Omar and Shahrim Ab Karim
260 ## - PUBLICATION, DISTRIBUTION, ETC.
Place of publication, distribution, etc. [No Place] :
Name of publisher, distributor, etc. [publisher not identified],
Date of publication, distribution, etc. [no year]
300 ## - PHYSICAL DESCRIPTION
Extent 7 pages
336 ## - CONTENT TYPE
Content type term text
Source rdacontent
337 ## - MEDIA TYPE
Media type term computer
Source rdamedia
338 ## - CARRIER TYPE
Carrier type term online resource
Source rdacarrier
650 ## - SUBJECT ADDED ENTRY--TOPICAL TERM
Topical term or geographic name entry element Food in popular culture
9 (RLIN) 1222
650 ## - SUBJECT ADDED ENTRY--TOPICAL TERM
Topical term or geographic name entry element Food
General subdivision Religious aspects
-- Islam
9 (RLIN) 239
650 ## - SUBJECT ADDED ENTRY--TOPICAL TERM
Topical term or geographic name entry element Muslim travelers
9 (RLIN) 614
700 ## - ADDED ENTRY--PERSONAL NAME
Personal name Shahrim Ab Karim,
Relator term author
9 (RLIN) 1225
700 ## - ADDED ENTRY--PERSONAL NAME
Personal name Siti Nazirah Omar,
Relator term author
9 (RLIN) 1223
700 ## - ADDED ENTRY--PERSONAL NAME
Personal name Siti Radhiah Omar,
Relator term author
9 (RLIN) 1224
856 ## - ELECTRONIC LOCATION AND ACCESS
Public note Request full-text at [email protected]
942 ## - ADDED ENTRY ELEMENTS (KOHA)
Source of classification or shelving scheme Library of Congress Classification
942 ## - ADDED ENTRY ELEMENTS (KOHA)
Koha item type Conference Paper
942 ## - ADDED ENTRY ELEMENTS (KOHA)
Call number prefix CONF 000157
Holdings
Withdrawn status Lost status Source of classification or shelving scheme Damaged status Not for loan Home library Current library Shelving location Date acquired Total checkouts Full call number Date last seen Price effective from Koha item type
    Library of Congress Classification     Halal Development Corporation Library Halal Development Corporation Library Open Shelves 24/05/2023   CONF 000157 24/05/2023 24/05/2023 Conference Paper
Halal Development Corporation Berhad (HDC)
5.02 Level 5, KPMG Tower, First Avenue, Persiaran Bandar Utama, 47800 Petaling Jaya, Selangor Darul Ehsan
Phone: +603 7965 5489 Email: [email protected]